<?xml version="1.0" encoding="UTF-8"?>
<record
    xmlns:xsi="http://www.w3.org/2001/XMLSchema-instance"
    xsi:schemaLocation="http://www.loc.gov/MARC21/slim http://www.loc.gov/standards/marcxml/schema/MARC21slim.xsd"
    xmlns="http://www.loc.gov/MARC21/slim">

  <leader>00809nam a2200229 a 4500</leader>
  <controlfield tag="001">232002245</controlfield>
  <controlfield tag="003">OSt</controlfield>
  <controlfield tag="005">20150408113746.0</controlfield>
  <controlfield tag="008">                                   eng  </controlfield>
  <datafield tag="010" ind1=" " ind2=" ">
    <subfield code="a">2008026443</subfield>
  </datafield>
  <datafield tag="020" ind1=" " ind2=" ">
    <subfield code="a">9780123744937 (pbk. alk. paper)  </subfield>
  </datafield>
  <datafield tag="040" ind1=" " ind2=" ">
    <subfield code="a">mu</subfield>
    <subfield code="b">eng</subfield>
    <subfield code="c">mb</subfield>
  </datafield>
  <datafield tag="082" ind1=" " ind2=" ">
    <subfield code="a">004.6</subfield>
  </datafield>
  <datafield tag="100" ind1=" " ind2=" ">
    <subfield code="a">Patterson, David A.10</subfield>
    <subfield code="9">7737</subfield>
  </datafield>
  <datafield tag="245" ind1=" " ind2=" ">
    <subfield code="a">Computer organization and design</subfield>
    <subfield code="b">the hardware/software interface /</subfield>
    <subfield code="c">David A. Patterson, John L. Hennessy ; with contributions by Perry Alexander ... [et al.]  </subfield>
    <subfield code="a">.</subfield>
  </datafield>
  <datafield tag="260" ind1=" " ind2=" ">
    <subfield code="a">Boston</subfield>
    <subfield code="b">Elsevier Morgan Kaufmann,</subfield>
    <subfield code="c">c2009.  </subfield>
    <subfield code="a">1 </subfield>
  </datafield>
  <datafield tag="300" ind1=" " ind2=" ">
    <subfield code="b">ill. ;</subfield>
    <subfield code="c">24 cm. +</subfield>
    <subfield code="e">1 CD-ROM (4 3/4 in.) 0</subfield>
    <subfield code="a">Comp</subfield>
  </datafield>
  <datafield tag="650" ind1=" " ind2=" ">
    <subfield code="a">Computer organization </subfield>
    <subfield code="9">6091</subfield>
  </datafield>
  <datafield tag="650" ind1=" " ind2=" ">
    <subfield code="a">Computer engineering </subfield>
    <subfield code="9">7738</subfield>
  </datafield>
  <datafield tag="700" ind1=" " ind2=" ">
    <subfield code="a">Hennessy, John L. </subfield>
    <subfield code="9">7739</subfield>
  </datafield>
  <datafield tag="942" ind1=" " ind2=" ">
    <subfield code="2">ddc</subfield>
    <subfield code="c">BOOK</subfield>
  </datafield>
  <datafield tag="999" ind1=" " ind2=" ">
    <subfield code="c">3483</subfield>
    <subfield code="d">237983</subfield>
  </datafield>
  <datafield tag="952" ind1=" " ind2=" ">
    <subfield code="1">0</subfield>
    <subfield code="2">2013-03-10</subfield>
    <subfield code="4">0</subfield>
    <subfield code="7">0</subfield>
    <subfield code="a">004.6 P D C</subfield>
    <subfield code="d">2011-12-13</subfield>
    <subfield code="h">SZM</subfield>
    <subfield code="i">00012475</subfield>
    <subfield code="m">SZM</subfield>
    <subfield code="r">2013-03-10 00:00:00</subfield>
    <subfield code="t">BOOK</subfield>
    <subfield code="w">ddc</subfield>
    <subfield code="y">0</subfield>
  </datafield>
  <datafield tag="952" ind1=" " ind2=" ">
    <subfield code="1">0</subfield>
    <subfield code="2">2013-03-10</subfield>
    <subfield code="4">0</subfield>
    <subfield code="7">0</subfield>
    <subfield code="a">004.6 P D C</subfield>
    <subfield code="d">2011-12-13</subfield>
    <subfield code="h">SZM</subfield>
    <subfield code="i">00012476</subfield>
    <subfield code="m">SZM</subfield>
    <subfield code="o">1</subfield>
    <subfield code="q">2012-09-29</subfield>
    <subfield code="r">2013-03-10 00:00:00</subfield>
    <subfield code="t">BOOK</subfield>
    <subfield code="w">ddc</subfield>
    <subfield code="y">1</subfield>
  </datafield>
  <datafield tag="952" ind1=" " ind2=" ">
    <subfield code="1">0</subfield>
    <subfield code="2">2013-03-10</subfield>
    <subfield code="4">0</subfield>
    <subfield code="7">0</subfield>
    <subfield code="a">004.6 P D C</subfield>
    <subfield code="d">2011-12-13</subfield>
    <subfield code="h">SZM</subfield>
    <subfield code="i">00075081</subfield>
    <subfield code="m">SZM</subfield>
    <subfield code="o">6</subfield>
    <subfield code="q">2013-09-08</subfield>
    <subfield code="r">2015-11-12 00:00:00</subfield>
    <subfield code="t">BOOK</subfield>
    <subfield code="w">ddc</subfield>
    <subfield code="y">1</subfield>
  </datafield>
</record>
